| 000 | 00983nam a22002417a 4500 | ||
|---|---|---|---|
| 005 | 20180228114015.0 | ||
| 010 | _a1617EN ENG-116867 | ||
| 020 |
_a9781138666948 _c895.00 |
||
| 035 | _aB-649721-726 | ||
| 035 | _aEN-100399 | ||
| 035 | _aB-664922 | ||
| 037 |
_aDPL _bUPPAL |
||
| 037 | _bDBAD/PUB | ||
| 082 | _a379.110954 | ||
| 245 |
_aRight to education in India: _ced by Parveen Jha [and] Geetha Rani _bResources, institutions and public policy / |
||
| 260 |
_aNew York _bRoutledge _c2016 |
||
| 270 |
_a711 third avenue _bNew York _eNY 10017 |
||
| 300 |
_axviii,366p. _c24cm(Hb) |
||
| 700 | _aGeetha Rani | ||
| 942 |
_2ddc _cEN _h379.110954 _mRIG |
||
| 999 |
_c102115 _d102115 |
||